| 000 | 00351cam a22001217a 4500 | ||
|---|---|---|---|
| 008 | 180718b1950 xxu||||| |||| 00| 0 eng d | ||
| 082 | _aG22x43 L174 | ||
| 100 | _aLambert, J.D. | ||
| 245 |
_aThe house of Commons in debate _cby J.D. Lambert |
||
| 260 |
_aLondon _bHansard Society _c1950 |
||
| 300 | _a10p. | ||
| 650 | _aU.K. - Parliament - House of Commons | ||
| 999 |
_c370137 _d370137 |
||